000 00832nam a22002417a 4500
003 UA-OsUOA
001 118656
007 ta
008 20160912b un ||||| |||| 00| 0 ukr d
100 _aМокій А.І.
700 _aПолякова Ю.В.
700 _aКучер Р.Д.
090 _a330(477)
_bМ74
942 _cSA
040 _aUA-OsUOA
_bukr
_cUA-OsUOA
_dUA-OsUOA
245 _aІнноваційний потенціал конкурентоспроможності прикордонних регіонів України на сучасному етапі євроінтеграції
300 _aС.165-174
955 _a0
041 _aukr
080 _a330(477)
773 0 _w118645
_tРегіональна економіка
_dЛьвів
_d2016
_g2
650 7 _a330 Економіка взагалі
_2UDC
999 _c404785
_d404785